UM Logo

Professional conduct & ethical standards / (Record no. 19163)

MARC details
000 -LEADER
fixed length control field 00680nam a22001817a 4500
008 - FIXED-LENGTH DATA ELEMENTS--GENERAL INFORMATION
fixed length control field 240215b ||||| |||| 00| 0 eng d
020 ## - INTERNATIONAL STANDARD BOOK NUMBER
International Standard Book Number 9786214182947
082 ## - DEWEY DECIMAL CLASSIFICATION NUMBER
Classification number DFil 174
Item number L965 2023
100 ## - MAIN ENTRY--PERSONAL NAME
Personal name Lud-ayen, Charesma Grace Killip.
9 (RLIN) 52461
245 ## - TITLE STATEMENT
Title Professional conduct & ethical standards /
Statement of responsibility, etc. Charema Grace Killip Lud-ayen and Warren Galas Moyao.
260 ## - PUBLICATION, DISTRIBUTION, ETC. (IMPRINT)
Place of publication, distribution, etc. Quezon City :
Name of publisher, distributor, etc. Wiseman's Books Trading, Inc.,
Date of publication, distribution, etc. ©2023.
300 ## - PHYSICAL DESCRIPTION
Extent iv, 81 pages :
Other physical details illustrations ;
Dimensions 22 cm.
500 ## - GENERAL NOTE
General note Includes references.
650 ## - SUBJECT ADDED ENTRY--TOPICAL TERM
Topical term or geographic name as entry element Criminologists.
General subdivision Ethics.
9 (RLIN) 46426
650 ## - SUBJECT ADDED ENTRY--TOPICAL TERM
Topical term or geographic name as entry element Professional ethics.
9 (RLIN) 52546
700 ## - ADDED ENTRY--PERSONAL NAME
Personal name Moyao, Warren Galas.
Relator term author.
9 (RLIN) 52462
942 ## - ADDED ENTRY ELEMENTS (KOHA)
Source of classification or shelving scheme Dewey Decimal Classification
Koha item type Filipiniana
Holdings
Withdrawn status Lost status Source of classification or shelving scheme Damaged status Not for loan Collection code Home library Current library Shelving location Date acquired Source of acquisition Cost, normal purchase price Total Checkouts Full call number Barcode Date last seen Copy number Price effective from Koha item type Date last checked out
    Dewey Decimal Classification     Filipiniana UM Digos College - LIC UM Digos College - LIC Book Cart 08/08/2023 Purchased 298.00   DFil 174 L965 2023 28076 05/15/2025 1 02/15/2024 Filipiniana  
    Dewey Decimal Classification     Filipiniana UM Digos College - LIC UM Digos College - LIC Book Cart 08/08/2023 Purchased 298.00 2 DFil 174 L965 2023 28077 03/26/2026 2 02/15/2024 Filipiniana 03/24/2026
    Dewey Decimal Classification     Filipiniana UM Digos College - LIC UM Digos College - LIC   08/08/2023 Purchased 298.00   DFil 174 L965 2023 28078 05/15/2025 3 02/15/2024 Filipiniana